000 002330000a22001210004500
041 0 _aEspaƱol
082 0 4 _aDVD 024
110 1 _aWalt Disney
245 1 0 _aBernardo y Bianca
505 0 0 _aVideo 77 min.
001 1171
942 _cLGB
999 _c48345
_d48345